• 首页
  • 本馆介绍
  • 公告通知
  • 最新文献
  • 馆藏检索
  • 电子资源
  • 读者导购
  • 参考咨询
  • 我的图书馆
  • 登录
  • 详细信息显示
  • 放入我的书架
  • 预约/预借图书
  • 作者相关作品
  • 分类相关作品
  • 丛书相关作品
  • 出版社相关作品

书目信息

  • 表格格式
  • 工作单格式
  • 卡片格式
题名:
中美儿童文学的儿童观
    
 
作者: 朱自强 , 罗贻荣 主编
分册:  
出版信息: 北京   中国社会科学出版社  2015
页数: 265页
开本: 24cm
丛书名:
单 册:
中图分类: I058
科图分类:
主题词: 儿童文学--er tong wen xue--文学研究
电子资源:
ISBN: 978-7-5161-6416-7
000 01381nam0 22002771 450
001 0124140226
005 20170324140226.0
010    @a978-7-5161-6416-7@dCNY66.00
100    @a20160304d2015 em y0chiy50 ea
101 0  @achi@eeng
102    @aCN@b110000
105    @ay z 000yy
106    @ar
200 1  @a中美儿童文学的儿童观@9zhong mei er tong wen xue de er tong guan@e首届中美儿童文学高端论坛论文集@dThe image of the child in Chinese and American children's literature@eproceedings of the first China-U.S. children's literature symposium@f朱自强,罗贻荣主编@zeng
210    @a北京@c中国社会科学出版社@d2015
215    @a265页@d24cm
300    @a中国海洋大学“985工程”海洋发展人文社会科学研究基地建设经费资助
330    @a本书收录了《论儿童观与百年中国儿童文学的三次转型》、《中国当代儿童观与儿童文学观》、《贞德,美国少女英雄》、《儿童图片文本中的民权运动》等文章。
510 1  @aImage of the child in Chinese and American children's literature@eproceedings of the first China-U.S. children's literature symposium@zeng
517 1  @a首届中美儿童文学高端论坛论文集@9shou jie zhong mei er tong wen xue gao duan lun tan lun wen ji
606 0  @a儿童文学@9er tong wen xue@x文学研究
690    @aI058@v5
701  0 @a朱自强@9zhu zi qiang@f(1957~)@4主编
701  0 @a罗贻荣@9luo yi rong@4主编
801  0 @aCN@bTANGWEI@c20170308
905    @b0962383-6@dI058@e204@f4
    
    中美儿童文学的儿童观:首届中美儿童文学高端论坛论文集=The image of the child in Chinese and American children's literature:proceedings of the first China-U.S. children's literature symposium/朱自强,罗贻荣主编.-北京:中国社会科学出版社,2015
    265页;24cm
    中国海洋大学“985工程”海洋发展人文社会科学研究基地建设经费资助
    
    ISBN 978-7-5161-6416-7:CNY66.00
    本书收录了《论儿童观与百年中国儿童文学的三次转型》、《中国当代儿童观与儿童文学观》、《贞德,美国少女英雄》、《儿童图片文本中的民权运动》等文章。
●
相关链接 在E读中查询图书 在五车中查询图书 在当当中查询图书 在豆瓣中查询图书


正题名:中美儿童文学的儿童观     索取号:I058/204         预约/预借

序号 登录号 条形码 馆藏地/架位号 状态 备注
1 0962383   209623834   第一样本阅览室/ [索取号:I058/204] 在馆    
2 0962384   209623843   第二借阅区/ [索取号:I058/204] 在馆    
3 0962385   209623852   第二借阅区/ [索取号:I058/204] 在馆    
4 0962386   209623861   第二借阅区/ [索取号:I058/204] 在馆    
唐山师范学院图书馆 欢迎您!
大连网信软件有限公司© 版权所有